书目信息 |
| 题名: |
2008北京奥运建筑旅游指南
|
|
| 作者: | 郝广森 译 | |
| 分册: | ||
| 出版信息: | 北京 中国建筑工业出版社 2008.06 |
|
| 页数: | 光盘1片 | |
| 开本: | 21cm | |
| 丛书名: | ||
| 单 册: | ||
| 中图分类: | K928.9 | |
| 科图分类: | ||
| 主题词: | 奥运建筑--ao yun jian zhu--旅游--指南 | |
| 电子资源: | ||
| ISBN: | 978-7-900232-81-6 | |
| 000 | 00891nam0 2200229 450 | |
| 001 | 012009537406 | |
| 005 | 20091007152822.28 | |
| 010 | @a978-7-900232-81-6@dCNY28.00 (含附件) | |
| 100 | @a20091007d2008 em y0chiy0120 ea | |
| 101 | 0 | @achi@aeng |
| 102 | @aCN@b110000 | |
| 105 | @ay z 000yy | |
| 106 | @ar | |
| 200 | 1 | @a2008北京奥运建筑旅游指南@A2008 bei jing ao yun jian zhu lu you zhi nan@e中英文版@f郝广森译@Fhao guang sen yi |
| 210 | @a北京@c中国建筑工业出版社@d2008.06 | |
| 215 | @a光盘1片@d21cm@e附件1册(18页,17cm) | |
| 330 | @a本书将以奥运场馆为点,以场馆群为单元。介绍了与各场馆相关的设计和建设背景、场馆的设计特色、场馆的技术特性、场馆的未来比赛项目及周边交通信息,具有一定的实用参考性。 | |
| 606 | 0 | @a奥运建筑@Aao yun jian zhu@x旅游@j指南 |
| 690 | @aK928.9@v4 | |
| 701 | 0 | @a郝广森@Ahao guang sen@4译 |
| 801 | 0 | @aCN@bQSSK@c20091007 |
| 905 | @b759579-83@dK928.9@eH138@f5 | |
| 2008北京奥运建筑旅游指南:中英文版/郝广森译.-北京:中国建筑工业出版社,2008.06 |
| 光盘1片;21cm+附件1册(18页,17cm) |
| ISBN 978-7-900232-81-6:CNY28.00 (含附件) |
| 本书将以奥运场馆为点,以场馆群为单元。介绍了与各场馆相关的设计和建设背景、场馆的设计特色、场馆的技术特性、场馆的未来比赛项目及周边交通信息,具有一定的实用参考性。 |
| ● |
| 相关链接 |
|
|
|
正题名:2008北京奥运建筑旅游指南
索取号:K928.9/H138
 
预约/预借
| 序号 | 登录号 | 条形码 | 馆藏地/架位号 | 状态 | 备注 |
| 1 | 759579 | 207595798 | 社科库309/309社科库 20排4列2层/ [索取号:K928.9/H138] | 在馆 | |
| 2 | 759580 | 207595805 | 社科库309/309社科库 20排4列2层/ [索取号:K928.9/H138] | 在馆 | |
| 3 | 759581 | 207595814 | 社科库309/309社科库 20排4列2层/ [索取号:K928.9/H138] | 在馆 | |
| 4 | 759582 | 207595823 | 社科库309/309社科库 20排4列2层/ [索取号:K928.9/H138] | 在馆 | |
| 5 | 759583 | 207595832 | 社科库309/309社科库 20排4列2层/ [索取号:K928.9/H138] | 在馆 |